MDQL
is popping MORE tags! Check the
thread
!
Quizzes
Events
Quiz Creation
Community
Videos
Private Events
Remove Ads
Sign In
Join for FREE
Feedback
Dark Mode
Quiz Categories
Sports
Geography
Music
Movies
Television
Just For Fun
Miscellaneous
History
Literature
Language
Science
Gaming
Entertainment
Religion
Holiday
For Kids
Quiz Lab
Recent
Popular Today
Quiz Kudos Today
Editor Picks
Curator Picks
Quizzes by...
Day
Popularity
Type
Ratings
Length
Year
Community
Subscriptions
Recent Discussions
Orange Saloon
Badges
Playlists
Quests
Create
Leaderboards
Showdown
Live 5
Trivia Bingo
Activity
Puzzle Library
Sporcle Events
Private Events
Virtual Trivia
Globe League
Become a Host
Pub Owners
SporcleCon
Opinionation
Our Games
Videos
Blog
Mobile Apps
Partnerships
Remove Ads and Go Orange
Feedback
Music
Pop Music
The Beatles
Song
Album
Lyrics
Bands
Singers
Artist
Clip
Rock
Rap
Classical
Billboard
Country Music
Kpop
Taylor Swift
Music
Pop Music
The Beatles
Song
Album
Lyrics
Bands
Singers
Artist
Clip
Rock
Rap
Classical
Billboard
Country Music
Kpop
Taylor Swift
Random Quiz
Search Sporcle
×
Quiz Lab
Quiz Lab
Music
lion
Type in answers that appear in a list
Type in answers that appear in a list
Classic
Best Score? Go Orange.
Taming Lions Lyrics Stats
Can you name the Lyrics to Taming Lions by Oceans Ate Alaska
By
Judeacus
12m
141 Questions
10 Plays
10 Plays
10 Plays
Comments
Comments
Give Quiz Kudos
Give Quiz Kudos
-
- Ratings
hide this ad
Random Order
Randomize order of answers
Randomize order of answers
Replay
Link that replays current quiz
Next Quiz
Link to next quiz in quiz playlist
You Got
0%
They Got
Avg Score
44%
Avg Friend Score
Upgrade to see
Score Distribution
Jump to the score distribution portion of the page
Score
0/141
Timer
12:00
0
Plays Today
Hint
Answer
% Correct
in
100%
taming
100%
lions
100%
in
100%
taming
100%
lions
100%
in
100%
the
90%
a
90%
a
90%
a
90%
no
90%
a
90%
you
90%
you
90%
and
90%
and
90%
the
90%
no
90%
you
90%
the
90%
no
90%
and
90%
for
80%
my
80%
sleep
80%
for
80%
my
80%
for
80%
my
80%
sleep
80%
for
80%
sheep
70%
sheep
70%
of
60%
of
60%
of
60%
to
60%
match
60%
me
60%
counting
60%
of
60%
our
60%
own
60%
to
60%
match
60%
me
60%
Hint
Answer
% Correct
counting
60%
our
60%
own
60%
so
60%
so
60%
our
60%
our
60%
we're
50%
this
50%
you're
50%
you're
50%
busy
50%
im
50%
like
50%
pack
50%
wolves
50%
hunt
50%
down
50%
this
50%
you're
50%
you're
50%
busy
50%
i'm
50%
this
50%
singing
50%
night
50%
we're
50%
singing
50%
they
40%
us
40%
town
40%
us
40%
loud
40%
walk
30%
while
30%
i'll
30%
out
30%
crown
30%
can
30%
hear
30%
while
30%
they're
30%
out
30%
step
30%
aside
30%
tonights
30%
out
30%
Hint
Answer
% Correct
among
20%
from
20%
their
20%
nothing
20%
but
20%
single
20%
back
20%
one
20%
upon
20%
horizon
20%
made
20%
where
20%
one
20%
we've
20%
made
20%
calling
20%
hearts
20%
with
10%
heads
10%
held
10%
high
10%
all
10%
high
10%
grain
10%
sand
10%
sea
10%
there's
10%
only
10%
ruler
10%
overseers
0%
thousands
0%
we'll
0%
always
0%
find
0%
way
0%
cease
0%
silence
0%
cus'
0%
claim
0%
room
0%
i've
0%
rules
0%
banished
0%
darkness
0%
vanquish
0%
king
0%
cus'
0%
Quiz Playlist
Details
Report
Send in Message
Add To Playlist
Classic:
Type in answers that appear in a list
Random Order:
Randomize order of answers
Last Updated: Feb 16, 2017
Quiz Scoreboard
CHALLENGE
Sign Up to Join the Scoreboard
Show All
Scores
Hide
Comments
May contain spoilers
Recently Published
Image Sorting: Flags VI
by Barbecue
Geography
2m
Find the 'City' Movie
by crazypaving
Movies
60s
Colored Red Africa Blitz
by spor1
Geography
45s
More to Explore
Quiz From the Vault
Featured Blog Post
14 Easter Pick-up Lines to Find Eggs With
hide this ad
You Might Also Like...
Tags
Alaska
ate
lion
ocean
Today's Top Quizzes in Music
Browse Music
hide this ad
Today's Top Quizzes in lion
Browse lion
Top Contributed Quizzes in Music
1
5X2 Blitz: Bands II
2
5X2 Blitz: The Beatles
3
Taylor Swift All Songs (2024)
4
5X2 Blitz: Billboard
5
5X2 Blitz: Billboard II
6
5X2 Blitz: Album
7
5X2 Blitz: Rock
8
5X2 Blitz: Singers
9
Music Artist by Three 2010s hits
10
5X2 Blitz: Lyrics
Explore More
Trending Topics
Crossword
Harry Potter
Kpop
NBA
Disney
Anime
Marvel
Pokémon
Song
Soccer
Puzzle
NFL
The Office
Country
WWE
hide this ad
More By:
Judeacus
Quiz
Plays
Rating
Category
Featured
Created
Neck deep songs
163
Music
Apr 28, 2014
Celebrities as Children
26
2.50
Miscellaneous
Aug 17, 2013
Taming Lions Lyrics
10
Music
Apr 28, 2014
Go to Creator's Profile
Score Distribution
Quiz Creator Spotlight
Judeacus
Follow
Send a Message
Quizzes Created
-
Created Quiz Play Count
-
More By This Creator
Popular Quizzes Today
1
Colored Red Africa Blitz
2
Find the US States - No Outlines Minefield
3
Find the 'City' Movie
4
5x2 Blitz: Bands
5
The Countries of the World
6
Find the Countries of Europe - No Outlines Minefield
7
Find the US States
8
US States
More Music Quizzes
Heather lyric quiz
Quiz Lab
Trending Quizzes
Colored Red Europe Blitz I
Colored Red Europe Blitz II
Colored Red Africa Blitz II
Colored Red Europe Blitz III
Colored Red Africa Blitz III
Recently Updated
How Do You Spell That?
pecheneg
Godzilla Movies
pecheneg
Grab Bag: 4-10 Letters
pecheneg
2024 March Madness Bracket
pecheneg
Famous TV Couples
Peacemaker
Champions League XIs: Real Madrid
pecheneg
Largest US Cities 1790-2010
pecheneg
Rides in Walt Disney World
pecheneg
Most Oscar Losses (Acting)
pecheneg
Beyoncé Albums
pecheneg
Trending Topics
Anime
Disney
Kpop
Marvel
NBA
Harry Potter
Crossword
NFL
Country
Song
Soccer
WWE
Puzzle
Pokémon
The Office
Your Account Isn't Verified!
In order to create a playlist on Sporcle, you need to verify the email address you used during registration. Go to your
Sporcle Settings
to finish the process.
Report this User
Report this user for behavior that violates our
Community Guidelines
.
Details:
Send Report
Go to the Sporcle.com Mobile Site →
Comments